[Event "22nd Hoogeveen Open 2018"]
[Site "Hoogeveen"]
[Date "2018.10.22"]
[Round "3"]
[White "Schippers, Maurice"]
[Black "Dev, Shah"]
[Result "1-0"]
[WhiteElo "2272"]
[BlackElo "2146"]
[Annotator "TA"]
[PlyCount "92"]
[EventDate "2018.10.20"]
[EventType "swiss"]
[EventCountry "NED"]
[SourceTitle "playchess.com"]
[Source "ChessBase"]
[SourceQuality "1"]

{[%evp 10,92,22,22,24,25,35,12,19,13,13,12,16,12,24,17,80,85,85,88,83,7,15,8,4,5,9,12,16,0,13,0,0,-17,0,0,16,37,20,17,29,3,2,0,7,-2,7,0,19,17,57,-64,-54,-93,-105,-104,-100,-145,-145,-294,-267,-245,-131,-163,0,0,0,0,0,0,0,0,0,0,0,-115,40,40,408,390,29992,29993,29993,29994,29999]} 1. d4 d5 2. Nf3 Nf6 3. g3 c6 4. Bg2 Bg4 5. O-O Nbd7 6. h3 {LiveBook: 5 Partien. D02: Damenbauernspiele} (6. Nbd2 e6 7. Re1 Be7 8. e4 O-O 9. c3 Rc8 10. Qe2 c5 11. exd5 Nxd5 12. h3 Bh5 13. Nb3 cxd4 14. Nbxd4 Bc5 15. g4 Bg6 16. Bg5 Qc7 17. Rad1 Rfe8 {0-1 (40) Rakhmanov,A (2634)-Artemiev,V (2706) Sochi 2018}) 6... Bxf3 7. exf3 e6 8. Re1 {Weiß steht etwas besser.} Bd6 9. f4 O-O 10. Nd2 c5 $146 11. Nf3 cxd4 12. Nxd4 a6 {[#]} (12... Rc8 $11) 13. c4 $1 $16 {[%mdl 512]} Nb6 (13... dxc4 14. Nxe6) 14. cxd5 Nbxd5 15. Nb3 ({Besser ist} 15. f5 $1 $16) 15... Qb6 $11 16. Qf3 a5 {[%cal Ba6a5,Ba5a4,Ba4a3][%mdl 32]} 17. Be3 Qb4 18. Bd2 Qb6 {Droht ...a4 und aus.} 19. Be3 Qb4 20. Re2 a4 21. Nd4 a3 22. b3 e5 23. fxe5 Bxe5 24. Nc2 Qa5 25. Bd4 Bxd4 26. Nxd4 Rad8 27. Nf5 Rfe8 28. Ne3 Nc3 29. Rc2 {Sc4 ist eine echte Drohung.} Nfe4 30. Rac1 (30. Qf4 $1 $14) 30... b5 {[%cal Bb7b5,Bb5b4][%mdl 32]} 31. Bf1 {[#]} b4 $1 32. Bc4 Qa7 33. h4 Nd2 34. Qf4 (34. Qc6 $17 {war die einzige Chance.} Qb8 35. Rxc3 bxc3 36. Rxc3) 34... Rd4 $19 35. Qf5 g6 (35... Red8 $19 {Und ...g6 würde nun gewinnen.} 36. h5 Qb7) 36. Qf6 $17 Qb7 $2 (36... Nce4 $19 37. Qc6 Red8) 37. Rxd2 $1 $11 ({Doch nicht} 37. Rxc3 bxc3 38. h5 Nf3+ 39. Kf1 Ne5 $19) 37... Rxd2 {[#]} 38. Nf5 $1 {[%mdl 512]} gxf5 39. Qg5+ Kh8 40. Qf6+ $1 Kg8 41. Qg5+ Kh8 42. Qxd2 {[#]} (42. Qf6+ $1 $11 Kg8) 42... Qf3 $2 (42... Qe7 $1 $17 43. Qd4+ Qe5 44. Qxe5+ Rxe5) 43. Qd7 $40 {[%mdl 128] Schwarz muss sich nun genau verteidigen.} Re2 $2 {[%mdl 8192]} (43... Rf8 $14) 44. Rf1 $18 Re4 $2 (44... Qg4 $18 45. Bxf7 Re4) 45. Qxf7 {[%csl Gc4][%cal Rf7g8]} Ne2+ 46. Bxe2 $1 {[%cal Rf7f8]} Qc3 {Precision: Weiß = 42%, Schwarz = 33%.} 1-0

[Event "22nd Hoogeveen Open 2018"]
[Site "Hoogeveen"]
[Date "2018.10.22"]
[Round "3"]
[White "Elgersma, Simon"]
[Black "Hilwerda, Jonas"]
[Result "0-1"]
[WhiteElo "2237"]
[BlackElo "2109"]
[Annotator "TA"]
[PlyCount "64"]
[EventDate "2018.10.20"]
[EventType "swiss"]
[EventCountry "NED"]
[SourceTitle "playchess.com"]
[Source "ChessBase"]
[SourceQuality "1"]

{[%evp 23,64,52,54,52,48,45,67,64,103,103,186,172,182,109,291,306,418,279,275,119,125,148,132,103,101,56,68,0,16,-135,-129,-161,-55,-232,-244,-484,-505,-653,-525,-477,-366,-2077,-1909]} 1. e4 e5 2. Nf3 Nc6 3. Bb5 a6 4. Ba4 Nf6 5. d3 b5 6. Bb3 Be7 7. a4 b4 8. a5 O-O 9. O-O d6 10. Nbd2 Be6 {C84: Closed Ruy Lopez: Unusual White 6th moves} (10... h6 11. Re1 Rb8 12. h3 Be6 13. Ba4 Nxa5 14. d4 c5 15. dxe5 dxe5 16. Nxe5 c4 17. Qe2 Rc8 18. Ndf3 {½-½ (25) Vitiugov,N (2730)-Tomashevsky,E (2702) Satka 2018}) 11. Nc4 Nd4 12. Nxd4 exd4 {LiveBook: 4 Games. White is slightly better.} 13. Bd2 d5 14. exd5 Nxd5 15. Re1 Bg5 $146 ({Predecessor:} 15... Bf6 16. Qf3 c5 17. h3 Qc7 18. Re4 Rad8 19. Rae1 Bc8 20. Ne5 Bb7 21. Ng4 Rd6 22. Qg3 Bd8 23. Bxd5 {1-0 (23) Castaldo,F (2413)-Bellia,F (2416) Arvier 2013}) 16. Qf3 Re8 (16... Bf6 $16) 17. Bxg5 $18 Qxg5 {[#]} 18. Ba4 (18. Ne5 $1 $18 Nf6 19. Bxe6 fxe6 20. Qc6) 18... Bg4 $2 (18... Rf8 $16 {was called for.}) 19. Qg3 (19. Rxe8+ Rxe8 20. h4 Qh5 $11) 19... Rxe1+ 20. Rxe1 h6 21. Bc6 (21. h4 $18 {is more deadly.} Qf4 22. Qxf4 Nxf4 23. Bb3) 21... Rd8 $16 22. Bxd5 Rxd5 23. Qxc7 Be6 24. Qg3 (24. Qb8+ {with more complications.} Kh7 25. f4 Qg4 26. Qxb4 Qxf4 27. Qd2) 24... Qd8 25. Ne5 (25. h4 $14) 25... Qxa5 {Threatens to win with ...b3!} 26. Nc6 $2 ({White should play} 26. Nc4 $11 Qd8 27. b3) 26... Qc5 $1 $40 {[%csl LRc2,LRc6][%mdl 128] Black goes for the king.} 27. Qb8+ Kh7 28. Nxb4 $2 {[#]} ({White must play} 28. Nd8 $1 $15) 28... Rd6 $1 $19 29. Ra1 $2 (29. c3 dxc3 30. bxc3) 29... a5 30. Na2 Rb6 31. Qa7 Bxa2 32. Rxa2 $2 (32. h4 Be6 33. b3) 32... Re6 {Precision: White = 22%, Black = 45%.} 0-1

[Event "22nd Hoogeveen Open 2018"]
[Site "Hoogeveen"]
[Date "2018.10.22"]
[Round "3"]
[White "Elgersma, Onno"]
[Black "Ojas Kulkarni"]
[Result "1/2-1/2"]
[WhiteElo "2223"]
[BlackElo "2254"]
[Annotator "TA"]
[PlyCount "63"]
[EventDate "2018.10.20"]
[EventType "swiss"]
[EventCountry "NED"]
[SourceTitle "playchess.com"]
[Source "ChessBase"]
[SourceQuality "1"]

{[%evp 20,63,63,68,82,72,73,52,68,58,68,66,77,27,37,0,0,-8,6,0,0,0,0,0,-8,0,0,0,0,-15,0,0,2,0,0,-16,-14,-16,-15,-23,-25,-33,-13,-16,-16,-14]} 1. e4 {[%cal Be2e4,Be4e5][%mdl 32]} Nf6 2. e5 Nd5 3. d4 d6 4. c4 Nb6 5. exd6 exd6 6. Nc3 Be7 7. Bd3 Nc6 8. Nge2 Bg4 9. Be3 {B03: Alekhine's Defence: Four Pawns Attack} (9. f3 Bh4+ 10. g3 Bxf3 11. O-O Bxe2 12. Qxe2+ Be7 13. Qe4 Qd7 14. Nd5 Nxd5 15. cxd5 Nb4 16. Bb1 Qb5 17. Bg5 {1-0 (31) Volokitin,A (2649)-Bortnyk,O (2581) Doha 2016}) 9... Bh5 10. O-O O-O 11. b3 {LiveBook: 4 Games. White is slightly better.} Re8 12. Qd2 Bg6 13. Nf4 $146 ({Predecessor:} 13. Bxg6 hxg6 14. Nf4 Bf8 15. Rfe1 Ne7 16. g4 c6 {0-1 (47) Ivakhinova,I (2219)-Chuprikov,D (2414) Voronezh 2009}) 13... Bxd3 14. Qxd3 Qd7 15. Rad1 Bf8 16. c5 Nc8 17. Ncd5 {Nh5 is the strong threat.} N8e7 18. Qb5 Nxd5 19. Nxd5 a6 20. Qc4 Ne7 21. cxd6 Nxd5 22. Qxd5 Rab8 23. Bf4 Bxd6 24. Rfe1 Rxe1+ 25. Rxe1 Re8 26. Rxe8+ Qxe8 {[%cal Re8e1] [#]} 27. Be5 Bf8 28. h3 c6 29. Qc4 Qd7 30. a4 b5 31. Qc3 Qd5 32. Bc7 {Precision: White = 48%, Black = 63%.} 1/2-1/2

[Event "22nd Hoogeveen Open 2018"]
[Site "Hoogeveen"]
[Date "2018.10.22"]
[Round "3"]
[White "Zarkovic, Mila"]
[Black "Buckels, Valentin"]
[Result "0-1"]
[WhiteElo "2213"]
[BlackElo "2413"]
[Annotator "TA"]
[PlyCount "64"]
[EventDate "2018.10.20"]
[EventType "swiss"]
[EventCountry "NED"]
[SourceTitle "playchess.com"]
[Source "ChessBase"]
[SourceQuality "1"]

{[%evp 13,64,-7,-4,-29,19,27,73,76,38,30,25,24,49,27,93,35,30,35,54,38,44,16,16,9,6,15,41,27,53,45,39,26,41,34,56,33,32,0,0,0,-1,-39,0,0,1,0,0,0,0,0,-19,-521,-512]} 1. e4 e5 2. Nf3 Nc6 3. Bb5 g6 4. d4 exd4 5. Nxd4 Bg7 6. Be3 Nf6 7. Nc3 O-O 8. f3 {C60: Ruy Lopez: Unusual Black 3rd moves and 3...g6} a6 {aiming for ...Nxd4.} (8... Ne5 {looks sharper.} 9. Bf4 Re8 10. Qd2 c6 11. Be2 d5) (8... Nxd4 9. Bxd4 c6 10. Be2 Re8 11. O-O d5 12. exd5 Nxd5 13. Bxg7 Kxg7 14. Nxd5 cxd5 15. Qd4+ Qf6 16. Qxf6+ Kxf6 {1-0 (55) Bacrot,E (2722)-Pavasovic,D (2540) chess.com INT 2018}) 9. Bxc6 bxc6 {[#]} 10. Qd2 $146 {White is better.} ({Predecessor:} 10. O-O c5 11. Nb3 d6 12. Qd2 Re8 13. Rad1 Be6 14. Bh6 Bh8 15. Nd5 Bxd5 16. exd5 {½-½ (42) Malachi,A-Bobis,L Nathanya 1973}) 10... Qe7 11. O-O Re8 12. Rfe1 Qf8 13. Bf4 Ra7 {[#]} (13... c5 $11 14. Nde2 d6) 14. Kh1 ({Better is} 14. Nb3 $1 $16) 14... Nh5 $14 15. Be3 {Strongly threatening Ne6!} Rb7 16. Rab1 Rb8 17. Nb3 {[%cal Bd4b3,Bb3a5,Ba5c6][%mdl 32]} d6 18. Ba7 Ra8 19. Bd4 Be6 20. Na5 c5 21. Bxg7 Qxg7 22. Nd5 Rac8 23. Nc6 {Threatens to win with Nce7+.} Qf8 24. g4 Bxd5 $1 25. Qxd5 Nf4 {[%cal Bh5f4,Bf4e6,Be6c5][%mdl 32]} 26. Qg5 Ne6 27. Qf6 Ra8 {[%cal Bc8a8,Ba8a6,Ba6c6][%mdl 32]} (27... a5 $5) 28. b4 cxb4 29. Rxb4 a5 $36 {[%mdl 2048] Black is pushing.} 30. Rc4 Nc5 31. Rb1 Ra6 32. Qc3 $2 {[%mdl 8192]} (32. Rxc5 $1 $11 dxc5 33. Ne7+ Qxe7 34. Qxa6) 32... Rxc6 {Precision: White = 44%, Black = 51%.} 0-1

[Event "22nd Hoogeveen Open 2018"]
[Site "Hoogeveen"]
[Date "2018.10.22"]
[Round "3"]
[White "Damen, Jip"]
[Black "Colijn, Stefan"]
[Result "0-1"]
[WhiteElo "2192"]
[BlackElo "2340"]
[Annotator "TA"]
[PlyCount "62"]
[EventDate "2018.10.20"]
[EventType "swiss"]
[EventCountry "NED"]
[SourceTitle "playchess.com"]
[Source "ChessBase"]
[SourceQuality "1"]

{[%evp 12,62,25,-20,-12,-17,-16,-36,19,-61,-41,-24,-43,-38,-22,-27,-35,-60,-46,-52,-53,-120,-123,-132,-122,-131,-135,-122,-100,-201,-66,-211,-223,-227,-209,-312,-65,-325,-317,-358,-272,-273,-239,-243,-238,-261,-252,-388,-395,-388,-356,-380,-363]} 1. Nf3 Nf6 2. c4 g6 3. g3 Bg7 4. Bg2 d5 5. O-O d4 6. d3 {A07: Réti Opening: New York and Capablanca Systems} Nc6 7. e3 {LiveBook: 5 Games} (7. b4 $5) 7... dxe3 8. fxe3 {The position is equal.} e5 $146 ({Predecessor:} 8... O-O 9. Nc3 Bg4 10. h3 Bxf3 11. Bxf3 Qd6 12. Kh2 Rad8 13. d4 {1-0 (39) Miles,A (2590)-Murey,J London 1981}) 9. d4 Bg4 (9... O-O $15) 10. Qa4 (10. Qb3 $1 $11 Rb8 11. Qa3 (11. Nxe5 Nxe5 12. dxe5 Nd7 $15)) 10... exd4 11. Nxd4 O-O 12. Nxc6 bxc6 13. Nc3 Rb8 14. Qxa7 Nd7 15. Qa4 Ne5 16. c5 (16. Bxc6 $15 Bh3 17. Rd1) 16... Qe7 $17 17. Kh1 Qxc5 18. Ne4 Qe7 19. Bd2 Be2 {Threatens to win with ...f5.} 20. Rfe1 (20. Rf2 $17 Bb5 21. Bb4) 20... Bb5 (20... Bf3 $19 21. Bc3 Bxg2+ 22. Kxg2 Nd3) 21. Qc2 (21. Bb4 $15) 21... Nd3 $19 {[%cal Be5d3,Bd3f2,Bf2g4][%mdl 32]} 22. Reb1 f5 23. Nc3 (23. a4 {was the only chance.} fxe4 24. axb5) 23... Nf2+ 24. Kg1 Bd3 25. Qa4 Bxb1 26. Rxb1 {[#] aiming for Qc4+.} Ng4 27. Qxc6 Ne5 ({Weaker is} 27... Nxe3 28. Re1 $11) 28. Qa4 Rfd8 29. Nd5 (29. Qc2 {was called for.}) 29... Qf7 {Black is winning.} 30. Qa7 c6 31. Ne7+ Kf8 {Precision: White = 37%, Black = 68%.} 0-1

[Event "22nd Hoogeveen Open 2018"]
[Site "Hoogeveen"]
[Date "2018.10.22"]
[Round "3"]
[White "Rakshitta, Ravi"]
[Black "Tomilova, Elena"]
[Result "1/2-1/2"]
[WhiteElo "2160"]
[BlackElo "2328"]
[Annotator "NA RC"]
[PlyCount "108"]
[EventDate "2018.10.20"]
[EventType "swiss"]
[EventCountry "NED"]
[SourceTitle "playchess.com"]
[Source "ChessBase"]
[SourceQuality "1"]
[TimeControl "40/5400+30:1800+30"]

1. e4 {[%emt 0:01:23]} c5 {[%emt 0:00:00]} 2. Nf3 {[%emt 0:00:37]} Nc6 {[%emt 0:01:29]} 3. Nc3 {[%emt 0:00:13]} g6 {[%emt 0:00:12]} 4. d4 {[%emt 0:00:04]} cxd4 {[%emt 0:00:04]} 5. Nxd4 {[%emt 0:00:07]} Bg7 {[%emt 0:00:03]} 6. Nde2 {[%emt 0:00:09]} Nf6 {[%emt 0:00:31]} 7. g3 {[%emt 0:00:09]} b5 {[%emt 0:00:08]} 8. Bg2 {[%emt 0:01:52] B34: Sizilianisch (Beschleunigtes Fianchetto)} Rb8 {[%emt 0:01:38]} 9. O-O {[%emt 0:01:37]} d6 {[%emt 0:01:36]} (9... O-O 10. h3 a5 11. a3 d6 12. Be3 Nd7 13. Rb1 b4 14. axb4 axb4 15. Nd5 Ba6 16. Re1 e6 17. Ndf4 Qc7 18. Qd2 Nce5 19. b3 Rfc8 {1-0 (58) Caruana,F (2808)-Vachier Lagrave,M (2796) Stavanger 2017}) 10. Nd5 {[%emt 0:05:22]} Nd7 {[%emt 0:00:47]} 11. c3 {[%emt 0:02:56]} O-O {[%emt 0:04:41]} 12. b3 {[%emt 0:04:16]} b4 $146 {[%emt 0:11:13]} ({Vorgänger:} 12... e6 13. Ne3 b4 14. Bd2 a5 15. Rc1 Nc5 16. c4 a4 17. Rb1 axb3 18. axb3 {½-½ (48) Kovchan,A (2558)-Azarov,S (2635) Alushta 2011}) 13. Bb2 {[%emt 0:00:15]} e6 {[%emt 0:02:41]} 14. Ne3 {[%emt 0:00:48]} Ba6 {[%emt 0:00:59]} 15. Rc1 {[%emt 0:02:46]} Rc8 {[%emt 0:07:10]} 16. Ba1 {[%emt 0:04:33]} bxc3 {[%emt 0:02:30]} 17. Bxc3 {[%emt 0:00:19]} Bxc3 {[%emt 0:00:09]} 18. Rxc3 {[%emt 0:02:49]} Bxe2 {[%emt 0:00:12]} 19. Qxe2 {[%emt 0:00:11]} Nd4 {[%emt 0:00:17]} 20. Qd2 {[%emt 0:00:25]} Rxc3 {[%emt 0:01:22]} 21. Qxd4 {[%emt 0:00:02]} Rc6 {[%emt 0:05:26]} 22. Qxa7 {[%emt 0:01:00]} h5 {[%emt 0:07:39]} 23. Qd4 {[%emt 0:10:55]} Ne5 {[%emt 0:03:46]} 24. Qd2 {[%emt 0:09:48]} Qb6 {[%emt 0:04:00]} 25. h3 {[%emt 0:01:13]} Rfc8 {[%emt 0:02:15]} 26. Kh1 {[%emt 0:00:59]} Qb5 {[%emt 0:06:17]} 27. Rd1 {[%emt 0:03:14]} Rc3 {[%emt 0:12:35]} 28. Qxd6 {[%emt 0:20:27]} Ra8 {[%emt 0:06:19]} 29. Nd5 {[%emt 0:08:44]} (29. Bf1 $142 Qa5 30. Qd2) 29... exd5 {[%emt 0:02:43]} 30. Qxe5 {[%emt 0:00:05]} Qe2 {[%emt 0:02:42]} 31. Qxd5 {[%emt 0:10:20]} (31. Rg1 $17 Rd3 32. Rf1) 31... Rxa2 {[%emt 0:00:12]} 32. e5 {[%emt 0:00:20]} Rcc2 {[%emt 0:02:19]} ({Less strong is} 32... Qxf2 33. Rf1 $15) 33. Rf1 {[%emt 0:02:12]} Rd2 {[%emt 0:00:39]} 34. Qc5 {[%emt 0:00:43]} Rac2 {[%emt 0:00:33]} 35. Qb6 {[%emt 0:01:42]} Qxe5 {[%emt 0:00:34]} 36. b4 {[%emt 0:00:18]} Rb2 {[%emt 0:00:39]} 37. Bc6 {[%emt 0:02:35] [#]} h4 $1 {[%emt 0:04:52]} 38. gxh4 {[%emt 0:01:04]} Qc3 {[%emt 0:01:45]} 39. Bg2 {[%emt 0:01:46]} Qxb4 {[%emt 0:01:49]} 40. Qxb4 {[%emt 0:00:37]} Rxb4 {[%emt 0:00:02]} 41. h5 {[%emt 0:03:57]} g5 {[%emt 0:03:33]} (41... gxh5 $142 42. Bf3 h4) 42. Bf3 {[%emt 0:01:58] [#]} Kg7 {[%emt 0:04:19]} (42... Rdb2 $1 $19 43. Kg2 Rc2) 43. Kg2 {[%emt 0:00:41]} Rbb2 {[%emt 0:02:39]} 44. Bg4 {[%emt 0:01:07]} Rb5 {[%emt 0:00:49]} 45. Rd1 {[%emt 0:00:17]} (45. Ra1 $17 {was called for.}) 45... Rc2 {[%emt 0:04:36]} (45... Rxd1 $19 46. Bxd1 Kh6) 46. Rd6 {[%emt 0:01:05]} f6 {[%emt 0:08:26]} 47. h6+ {[%emt 0:01:16]} Kg6 {[%emt 0:01:15]} ({Resist} 47... Kxh6 48. Rxf6+ Kg7 49. Ra6 $17) 48. h7 {[%emt 0:00:02]} Rb8 {[%emt 0:01:47]} 49. Rd5 {[%emt 0:00:06]} Rc7 {[%emt 0:01:03]} 50. Bf5+ {[%emt 0:00:01]} Kg7 {[%emt 0:00:18]} 51. Kg3 {[%emt 0:00:23]} Re7 {[%emt 0:02:53]} 52. f3 {[%emt 0:00:49]} Reb7 {[%emt 0:03:35]} 53. Rc5 {[%emt 0:07:05]} Rf8 {[%emt 0:01:08]} 54. h4 $11 {[%emt 0:02:27]} gxh4+ {[%emt 0:01:20]} 1/2-1/2

[Event "22nd Hoogeveen Open 2018"]
[Site "Hoogeveen"]
[Date "2018.10.22"]
[Round "3"]
[White "Clemens, Adrian"]
[Black "Van Kooten, Luuk"]
[Result "1/2-1/2"]
[WhiteElo "2153"]
[BlackElo "2320"]
[Annotator "TA"]
[PlyCount "64"]
[EventDate "2018.10.20"]
[EventType "swiss"]
[EventCountry "NED"]
[SourceTitle "playchess.com"]
[Source "ChessBase"]
[SourceQuality "1"]

{[%evp 25,64,63,34,4,33,34,49,35,25,10,48,45,40,50,38,35,35,0,0,-25,-26,-23,-23,-70,-67,-64,-62,-53,25,27,75,73,47,47,116,100,252,104,4,1,9]} 1. d4 Nf6 2. c4 c5 3. d5 e6 4. Nc3 exd5 5. cxd5 d6 6. Nf3 g6 7. Nd2 Bg7 8. e4 O-O 9. Be2 Na6 10. O-O Nc7 11. a4 b6 12. Nc4 Ba6 13. Bg5 Qd7 14. Re1 {A73: Modern Benoni: Classical: Unusual Black 9th moves} Bxc4 $146 (14... Rae8 $5 {[%cal Rf6e4]}) ({Predecessor:} 14... Rfe8 15. e5 Bxc4 16. Bxc4 Rxe5 17. Rxe5 dxe5 18. d6 Nce8 19. Qf3 Rd8 20. Ne4 Nxe4 21. Bxd8 N4xd6 22. Rd1 e4 23. Qxe4 Qxd8 24. Qd5 Bd4 25. Rd3 Nf6 {0-1 (25) Staniszewski,P (2441)-Mickiewicz,P (2256) Lubniewice 2002}) 15. Bxc4 a6 16. h3 {White is slightly better.} b5 17. Bf1 {Black must now prevent e5.} bxa4 18. Nxa4 {Threatens to win with Nb6.} Rab8 19. Bc4 Rb4 20. b3 Re8 $1 21. e5 Nfxd5 $1 22. Qf3 (22. exd6 {is interesting.} Rxe1+ 23. Qxe1 Qxd6 24. Rd1 Bd4 25. Qe4) 22... Rxe5 23. Rxe5 Bxe5 24. Rd1 {[#]} Rxc4 $1 25. bxc4 {Hoping for Nxc5.} Qxa4 26. cxd5 c4 (26... Kg7 $15) 27. Bh6 Nb5 28. Re1 $1 {[%mdl 1024] Qf6 would kill now. White has strong compensation.} Qa5 {[%cal Ra5e1]} 29. Rc1 {And now Qg4 would win.} Nd4 {[#]} ({Black should try} 29... c3 $14) 30. Qd3 $1 $16 {[%cal Rd3c4][%mdl 512]} c3 $2 {[#]} ({Worse is} 30... cxd3 31. Rc8+ Qd8 32. Rxd8#) (30... Nf5 $16 31. Bd2 cxd3 32. Bxa5 Ne7) 31. Qc4 (31. f4 $1 $18 {[%cal Rf4e5] is the precise move to win.} Bh8 32. Re1) 31... Qd8 32. Rxc3 Ne2+ $1 {Precision: White = 30%, Black = 45%.} 1/2-1/2

[Event "22nd Hoogeveen Open 2018"]
[Site "Hoogeveen"]
[Date "2018.10.22"]
[Round "3"]
[White "Pham, Khoi"]
[Black "Klaren, Duncan"]
[Result "0-1"]
[WhiteElo "2153"]
[BlackElo "1950"]
[Annotator "TA"]
[PlyCount "82"]
[EventDate "2018.10.20"]
[EventType "swiss"]
[EventCountry "NED"]
[SourceTitle "playchess.com"]
[Source "ChessBase"]
[SourceQuality "1"]

{[%evp 22,82,23,28,39,-6,0,0,0,-14,0,-26,-25,-22,-19,-37,34,30,20,13,19,0,0,-51,-15,-10,-21,-79,-72,-96,-96,-91,-88,-169,-165,-172,-169,-163,-158,-247,-246,-260,-264,-256,-263,-309,-297,-383,-374,-363,-349,-685,-690,-682,-678,-617,-599,-613,-546,-945,-913,-923,-820]} 1. e4 c5 2. Nf3 d6 3. d4 cxd4 4. Nxd4 Nf6 5. Nc3 a6 6. h3 e5 7. Nde2 h5 {B90: Sicilian Najdorf: Unusual White 6th moves, 6 Be3 Ng4 and 6 Be3 e5} (7... b5 8. Ng3 Nbd7 9. Bg5 h6 10. Be3 Bb7 11. Bd3 h5 12. Bg5 g6 13. O-O Be7 14. a3 h4 15. Nge2 Nc5 16. Bxf6 Bxf6 {1-0 (48) Dominguez Perez,L (2739)-Vachier Lagrave,M (2779) chess.com INT 2018}) 8. Bg5 Be6 9. Bxf6 Qxf6 10. Nd5 Qd8 11. Qd3 Nc6 12. O-O-O {LiveBook: 15 Games} Rc8 13. Qa3 $146 ({Predecessor:} 13. Kb1 g6 14. f4 exf4 15. Nexf4 {0-1 (32) Kovacevic,A (2540)-Szuhanek,R (2511) Palic 2014}) 13... g6 14. Kb1 Bg7 15. Nec3 O-O 16. Ne3 Nd4 17. Bd3 b5 18. Ncd5 {Hoping for c3.} Ra8 ({Black should play} 18... a5 $1 $15 19. c3 b4 20. cxb4 axb4 21. Qxb4 f5) 19. c3 $14 Nc6 {[%cal Bd4c6,Bc6a5,Ba5c4][%mdl 32]} 20. g4 {Threatening gxh5.} h4 21. Be2 Qb8 22. Nb4 (22. Qb3 $11) 22... Qb7 23. Ned5 {Strongly threatening Nxc6.} ({But not} 23. Rxd6 $2 Nxb4 24. f3 Nc6 $19) 23... Rfc8 24. Qb3 (24. g5 $11 {keeps the balance.}) 24... Na5 $17 25. Qc2 Nc4 $1 26. Bxc4 Rxc4 27. b3 (27. Qd3 $17 {is a better defense.}) 27... Rc5 $1 $19 28. Ne3 Rac8 29. Nbd5 Bh6 30. b4 (30. Rhe1 $17 {might work better.}) 30... R5c6 31. Rhe1 {[#]} a5 $1 {[%mdl 512]} 32. Qb2 {[#]} (32. bxa5 Bxe3) 32... axb4 $1 33. cxb4 Bg5 34. a3 Qa7 35. Rd3 {[#]} Bxd5 $1 36. Nxd5 $2 {[#]} (36. exd5 R6c7 37. Rdd1) 36... Rc2 $1 {[%mdl 512] Black is clearly winning.} 37. Qxc2 Rxc2 38. Kxc2 Qxf2+ 39. Kd1 Qb2 40. Ne3 {[#]} d5 $1 {[%mdl 512]} 41. Rxd5 Qxa3 {Precision: White = 29%, Black = 72%.} 0-1

[Event "22nd Hoogeveen Open 2018"]
[Site "Hoogeveen"]
[Date "2018.10.22"]
[Round "3"]
[White "Mellema, Andries"]
[Black "Den Hartog, Marijn"]
[Result "0-1"]
[WhiteElo "2140"]
[BlackElo "2296"]
[Annotator "TA"]
[PlyCount "112"]
[EventDate "2018.10.20"]
[EventType "swiss"]
[EventCountry "NED"]
[SourceTitle "playchess.com"]
[Source "ChessBase"]
[SourceQuality "1"]

{[%evp 17,111,13,12,-35,0,-33,0,0,0,0,0,0,1,0,48,-25,33,-6,0,-15,5,0,7,10,8,0,0,-22,8,9,9,7,8,0,0,-49,-47,-62,-62,-98,-49,-44,-41,-42,-38,-45,-43,-54,-54,-92,-98,-139,-123,-130,-146,-146,-148,-277,-281,-271,-211,-196,-31,-290,-236,-674,-672,-668,-652,-2666,-2143,-12840,-12835,-12842,-12841,-12843,-12843,-12845,-12845,-12846,-12846,-12846,-12846,-12846,-12847,-12848,-12847,-12849,-12849,-12850,-12850,-29997,-29998,-29998,-29999,-29999]} 1. e4 c5 2. Nf3 e6 3. Nc3 a6 4. d4 cxd4 5. Nxd4 Qc7 6. g3 {[%cal Bg2g3,Bg3g4,Bg4g5][%mdl 32]} Nc6 7. Bg2 Nf6 8. O-O Be7 9. h3 O-O 10. g4 {B47: Sicilian: Taimanov: 5 Nc3 Qc7 6 f4, 6 g3 and 6 Be2} d6 (10... b5 {with more complications.}) 11. Kh1 Rd8 $146 ({Predecessor:} 11... Nd7 12. Nde2 b5 13. a3 Bb7 14. f4 Nb6 15. b3 Rfd8 16. Be3 d5 17. exd5 {0-1 (45) Lisowski,K (2186)-Stachowiak,K (2409) Ustron 2009}) 12. g5 {The position is equal.} Nd7 13. f4 Nxd4 14. Qxd4 b5 15. a4 bxa4 16. Rxa4 (16. f5 $14) 16... a5 (16... d5 $1 $11) 17. b3 Nb6 18. Ra2 e5 19. Qe3 Ba6 {[#] aiming for ...exf4.} 20. Rf3 Bb7 21. Rf1 d5 $36 {[%mdl 2048] Black has some pressure.} 22. exd5 exf4 23. Qxf4 Qxf4 24. Bxf4 Rac8 25. Ne4 {Strongly threatening d6.} Nxd5 26. Bd2 Nb4 27. Bxb4 $1 Bxb4 28. c4 Rd4 29. Nf6+ gxf6 30. Bxb7 Rc7 31. Bd5 fxg5 32. Raf2 {[%cal Rd5f7]} Rd3 33. Bxf7+ Kg7 34. Be6 Re3 35. Bg4 Rxb3 36. Rf5 h6 37. Rc1 (37. Rb5 $17) 37... a4 $19 38. Rb5 Bc5 39. Ra1 {[#]} h5 $2 (39... Rxb5 $1 $19 40. cxb5 a3) 40. Be6 $2 {[%mdl 8192]} (40. Rxa4 $15 Rxb5 41. cxb5 hxg4 42. Rxg4) 40... Kf6 41. Re1 $2 (41. Bd5) 41... Rxb5 42. cxb5 {[%mdl 4096] Endgame KRB-KRB} Re7 43. Ra1 Rxe6 44. Rxa4 {KRB-KR} Rb6 45. h4 g4 46. Rf4+ Ke5 47. Rf7 Rxb5 48. Kg2 Ke4 49. Kh1 Bd6 50. Kg2 Rb2+ 51. Kg1 Bf4 52. Rd7 Kf3 {( -> ...Rb1+)} 53. Rd3+ Be3+ 54. Kh1 Rb1+ {Black mates.} 55. Kh2 g3+ 56. Kh3 Rh1# {Precision: White = 17%, Black = 52%.} 0-1